000 00497nam a22001817a 4500
003 koha_MIRAKIL
005 20251216132037.0
008 231213b |||||||| |||| 00| 0 ||| d
040 _aTR-IsEVY
_btur
_cTR-IsEVY
082 _aFIC BAR/N
100 _aBarroux.
245 0 _aNerede bu denizyıldızı ?
260 _bRedhouse Kidz,
_c2016
300 _a30 s.
650 _aChildren's literature -- Short stories.
650 _aÇocuk edebiyatı -- Hikaye.
_vSudaki Yaşam
942 _2ddc
_cBK
999 _c18362
_d18362